000 00503nam a2200181Ia 4500
005 20260330122844.0
008 240806s9999||||xx |||||||||||||| ||eng||
041 _ahin
082 _a891.433
_bSOBH.2
100 _aKrishna Sobati
245 0 _aHum haramat (Vol.II)
_cSobati Krishna
250 _a3rd
260 _aNew Delhi:
_bRaj Kamal Prakashan
_c2016
300 _a336p.
650 _aHindi
880 _6245
_aहम हरामत (खंड II) सोबती कृष्णा
942 _cBK
999 _c171
_d171